00465nam a22001457a 4500003000400000008004100004020001800045082001500063100000800078245006600086250002800152260005300180300000800233650007800241OSt220415b ||||| |||| 00| 0 eng d a9781138226968 a822.09 BEE aBER aEnglish Drama : Restoration and Eighteenth Century, 1660-1789 aReprint (Special Print) aNew YorkbRoutledge Taylor & Francis Groupc2016 a341 aEnglish Drama : Restoration and Eighteenth Century, 1660 - 1789 (English)